Cultura de España - Estadísticas

Estadísticas generales
  • Esta prueba ha sido intentada 199 veces
  • La puntuación promedio es 5 de 15
Estadísticas de respuestas
Preguntas Respuestas % Correcto
Cual ha sido la gran cobra de España bisbal a chenoa
70%
Hit del verano que nombra la palabra "Nocilla" nocilla que merendilla
53%
Quien se tiene que ir a la calle makoke
45%
Que dos mujeres tuvieron una noche de amor? chelo y barbara rey
39%
Canción favorita de María Patiño no dejes de soñar
37%
Las vecinas más famosas de España vecinas de Valencia
37%
Nombre "real" de Beyonce La Beyoncebe
35%
Ni que fuera yo... (continua la frase) Bin Laden
26%
Segun Aramis Fuster que se tiene que saber idiomas querida
25%
Gentilicio de Navarrete navarretense o navarreteña
25%
Quien es un Pink kiko matamoros
23%
La mejor canción llevada a Eurovisión el chikilicuatre
21%
Quien consiguió cubrir el robo de una carterista aida nizar
20%
Por donde se le fue la fuerza a Maria Jesus Ruiz por el ano
18%
Que persona SI salto en el cumple de Marta Diego nister
7%
No se encontraron pruebas coincidentes
Distribución de puntuación
Porcentaje de gente con cada puntuación
Porcentaje por número respondido
Historial de tus puntuaciones
No has intentado esta prueba.